[Event "HUN-ch"]
[Site "Budapest"]
[Date "2023.12.15"]
[Round "4"]
[White "Aczel, Gergely"]
[Black "Bagi, Mate"]
[Result "1-0"]
[WhiteElo "2496"]
[BlackElo "2420"]
[PlyCount "163"]
[EventDate "2023.12.12"]
[EventType "swiss"]
[EventRounds "9"]
[EventCountry "HUN"]
[SourceTitle "CB52_2023"]
[SourceDate "2023.12.27"]
[SourceVersion "1"]
[SourceVersionDate "2023.12.27"]
[SourceQuality "1"]

1. d4 Nf6 2. c4 g6 3. g3 Bg7 4. Bg2 0-0 5. Nf3 d6 6. 0-0 Nc6 7. Nc3 e5 8. dxe5 dxe5 9. Bg5 h6 10. Qxd8 Rxd8 11. Bxf6 Bxf6 12. Nd5 Kg7 13. Nxc7 Rb8 14. e4 Be7 15. Nd5 Bc5 16. Rad1 Be6 17. Rd2 a5 18. Rfd1 b6 19. h3 Rd7 20. Bf1 Rbd8 21. Kg2 f6 22. Bd3 Ra7 23. Bc2 a4 24. a3 Kf7 25. Rd3 Rc8 26. Bb1 Nd4 27. Ba2 Nc6 28. R3d2 h5 29. Ne1 Bd4 30. Nc2 Bc5 31. f4 Kg7 32. Rf1 Nd4 33. Ne1 Nc6 34. Nf3 Bf7 35. Bb1 Re8 36. Bd3 Nd4 37. fxe5 fxe5 38. Ng5 Nb3 39. Rdd1 Bd4 40. Bc2 Nc5 41. Rf3 Bxd5 42. cxd5 Bxb2 43. Rb1 Bd4 44. Rxb6 Rf8 45. Rxf8 Kxf8 46. Nf3 Ba1 47. Kf1 Kg7 48. Ke2 Nd7 49. Rb4 Nc5 50. h4 Kf6 51. Rb5 Nd7 52. Nd2 Bd4 53. Nc4 Bc5 54. Bd3 Bf8 55. Rb1 Bc5 56. Bc2 Ke7 57. Rb2 Kf6 58. Rb5 Bf8 59. Kd1 g5 60. Ke2 gxh4 61. gxh4 Be7 62. Nb6 Bxa3 63. Nxd7+ Rxd7 64. Bxa4 Rd8 65. Rb6+ Bd6 66. Be8 Kg7 67. Bxh5 Be7 68. Rg6+ Kh7 69. Re6 Bd6 70. Bg4 Bb8 71. h5 Bd6 72. Bf5+ Kg7 73. Kd3 Kf7 74. Bg6+ Kg7 75. Bf5 Kf7 76. Kc4 Bb8 77. h6 Bd6 78. h7 Kg7 79. Kb5 Kh8 80. Kc6 Bb8 81. d6 Kg7 82. d7 1-0

[Event "Budapest FS09 GM"]
[Site "Budapest"]
[Date "2023.09.12"]
[Round "9"]
[White "Aczel, Gergely"]
[Black "Tzidkiya, Yeshaayahu"]
[Result "1/2-1/2"]
[WhiteElo "2486"]
[BlackElo "2456"]
[PlyCount "86"]
[EventDate "2023.09.02"]
[EventType "tourn"]
[EventRounds "9"]
[EventCountry "HUN"]
[EventCategory "6"]
[SourceTitle "EXT 2024"]
[Source "ChessBase"]
[SourceDate "2023.10.10"]
[SourceVersion "1"]
[SourceVersionDate "2023.10.10"]
[SourceQuality "1"]

1. d4 Nf6 2. c4 g6 3. g3 Bg7 4. Bg2 0-0 5. Nf3 d6 6. 0-0 Bf5 7. Nc3 Ne4 8. Nd5 Nc6 9. Ne3 Bd7 10. d5 Na5 11. Nd4 c5 12. dxc6 Nxc6 13. Nec2 Nc5 14. b3 a5 15. Bb2 Qb6 16. Rb1 Nb4 17. a4 Nxc2 18. Qxc2 Nxa4 19. bxa4 Bxd4 20. Ba3 Qd8 21. Rxb7 Rc8 22. Qd3 Bc5 23. Bb2 Rb8 24. Rxb8 Qxb8 25. Bc3 Qa7 26. e3 Rb8 27. Qc2 Qa6 28. Rb1 Rxb1+ 29. Qxb1 Qb6 30. Qc2 Bb4 31. Bd4 Qd8 32. Bf3 Qe8 33. Bd1 e5 34. Bb2 Be6 35. c5 Bxc5 36. Bxe5 Bf5 37. e4 Bxe4 38. Qxe4 dxe5 39. Qd5 Bb6 40. Bb3 Kg7 41. Qb7 Bc5 42. Bd5 h5 43. Kg2 Qe7 1/2-1/2

[Event "Budapest FS09 GM"]
[Site "Budapest"]
[Date "2023.09.11"]
[Round "8"]
[White "Neverov, Valeriy"]
[Black "Aczel, Gergely"]
[Result "1/2-1/2"]
[WhiteElo "2397"]
[BlackElo "2486"]
[PlyCount "22"]
[EventDate "2023.09.02"]
[EventType "tourn"]
[EventRounds "9"]
[EventCountry "HUN"]
[EventCategory "6"]
[SourceTitle "EXT 2024"]
[Source "ChessBase"]
[SourceDate "2023.10.10"]
[SourceVersion "1"]
[SourceVersionDate "2023.10.10"]
[SourceQuality "1"]

1. d4 Nf6 2. c4 d6 3. Nf3 g6 4. g3 Bg7 5. Bg2 0-0 6. 0-0 Bf5 7. Nc3 Ne4 8. Nb1 Nf6 9. Nc3 Ne4 10. Nb1 Nf6 11. Nc3 Ne4 1/2-1/2

[Event "Budapest FS09 GM"]
[Site "Budapest"]
[Date "2023.09.04"]
[Round "3"]
[White "Sukandar, Irine Kharisma"]
[Black "Aczel, Gergely"]
[Result "1/2-1/2"]
[WhiteElo "2371"]
[BlackElo "2486"]
[PlyCount "75"]
[EventDate "2023.09.02"]
[EventType "tourn"]
[EventRounds "9"]
[EventCountry "HUN"]
[EventCategory "6"]
[SourceTitle "EXT 2024"]
[Source "ChessBase"]
[SourceDate "2023.10.10"]
[SourceVersion "1"]
[SourceVersionDate "2023.10.10"]
[SourceQuality "1"]

1. e4 c5 2. Nf3 d5 3. d3 dxe4 4. dxe4 Qxd1+ 5. Kxd1 Nf6 6. Nfd2 g6 7. f3 Bh6 8. a4 Be6 9. Bc4 Bxc4 10. Nxc4 Bxc1 11. Kxc1 Nbd7 12. Nc3 0-0-0 13. b3 Ne8 14. Kb2 Nd6 15. Ne3 f5 16. exf5 gxf5 17. Rhe1 Rhg8 18. Rad1 Nf6 19. Ne2 e5 20. f4 Rge8 21. Rd3 exf4 22. Nxf4 Ng4 23. h3 Ne5 24. Rdd1 Ng6 25. Nd3 Nh4 26. Kc1 Re7 27. Nc4 Rxe1 28. Nxd6+ Rxd6 29. Nxe1 Re6 30. g3 Ng6 31. Nd3 Re3 32. Rg1 Ne5 33. Nxe5 Rxe5 34. Kd2 Kd7 35. g4 fxg4 36. Rxg4 Rh5 37. Rg7+ Kc8 38. Rg3 1/2-1/2

[Event "Budapest FS09 GM"]
[Site "Budapest"]
[Date "2023.09.03"]
[Round "2"]
[White "Aczel, Gergely"]
[Black "Csiki, Endre"]
[Result "0-1"]
[WhiteElo "2486"]
[BlackElo "2396"]
[PlyCount "132"]
[EventDate "2023.09.02"]
[EventType "tourn"]
[EventRounds "9"]
[EventCountry "HUN"]
[EventCategory "6"]
[SourceTitle "EXT 2024"]
[Source "ChessBase"]
[SourceDate "2023.10.10"]
[SourceVersion "1"]
[SourceVersionDate "2023.10.10"]
[SourceQuality "1"]

1. c4 e6 2. Nc3 d5 3. d4 Bb4 4. e3 Nf6 5. a3 Bxc3+ 6. bxc3 c6 7. Nf3 0-0 8. a4 b6 9. cxd5 cxd5 10. Ba3 Re8 11. Bb5 Bd7 12. Bd3 Nc6 13. 0-0 e5 14. Nd2 Qc8 15. Re1 Na5 16. Rc1 Nc4 17. Nxc4 dxc4 18. Bc2 e4 19. d5 Re5 20. d6 Bg4 21. d7 Bxd7 22. Qd6 Rd5 23. Qf4 Qe8 24. Red1 Rxd1+ 25. Bxd1 Bxa4 26. Bxa4 Qxa4 27. Be7 Nd7 28. Qxe4 Re8 29. h3 Nc5 30. Qh4 Nd3 31. Rf1 h6 32. Bd6 Qb3 33. Qd4 Rd8 34. e4 Nf4 35. Re1 Qc2 36. Kh2 Ne6 37. Qd5 Qxf2 38. Rd1 Nf4 39. Qd2 Qxd2 40. Rxd2 Nd3 41. Bg3 b5 42. Ra2 b4 43. cxb4 c3 44. Rc2 Rc8 45. Bd6 Rc4 46. b5 Ne1 47. Rc1 c2 48. Rxe1 c1Q 49. Rxc1 Rxc1 50. Kg3 f6 51. Bb8 Ra1 52. e5 f5 53. Kf4 Rf1+ 54. Ke3 Rb1 55. Bxa7 Rxb5 56. Kf4 g6 57. g4 Rb4+ 58. Kf3 Kf7 59. Be3 h5 60. gxh5 gxh5 61. Bg5 Ke6 62. Bf6 f4 63. h4 Kf5 64. Kf2 Rb3 65. Kf1 Re3 66. Kf2 Rxe5 0-1

[Event "Skalica op-A"]
[Site "Skalica"]
[Date "2023.08.23"]
[Round "5"]
[White "Hrbek, Stepan"]
[Black "Aczel, Gergely"]
[Result "1/2-1/2"]
[WhiteElo "2404"]
[BlackElo "2481"]
[PlyCount "129"]
[EventDate "2023.08.19"]
[EventType "swiss"]
[EventRounds "9"]
[EventCountry "SVK"]
[SourceTitle "CBM 215 Extra"]
[Source "ChessBase"]
[SourceDate "2023.09.30"]
[SourceVersion "1"]
[SourceVersionDate "2023.09.30"]
[SourceQuality "1"]

1. e4 c6 2. d4 d5 3. exd5 cxd5 4. Bd3 Nc6 5. c3 e6 6. Nf3 Bd6 7. 0-0 Nge7 8. b3 0-0 9. Re1 Bd7 10. c4 h6 11. Bb2 Rc8 12. Nc3 a6 13. c5 Bc7 14. a3 Ng6 15. g3 f5 16. b4 Qf6 17. Bf1 f4 18. Bg2 Kh8 19. Ne2 Rce8 20. Qd2 b6 21. a4 fxg3 22. fxg3 bxc5 23. dxc5 Nce5 24. Nxe5 Bxe5 25. Nd4 Bxd4+ 26. Qxd4 e5 27. Qxd5 Qf2+ 28. Kh1 Bxa4 29. Bc3 Bb5 30. Qe4 Rf6 31. Qe3 Qxe3 32. Rxe3 Bc6 33. Kg1 Bxg2 34. Kxg2 Kg8 35. Rd1 Re7 36. Red3 Ref7 37. R1d2 Kh7 38. Rd6 Rf3 39. R6d3 Rf1 40. c6 Rc1 41. Ra2 Ne7 42. c7 e4 43. Re3 Rf3 44. Rxe4 Rfxc3 45. Rxe7 Rxc7 46. Rxc7 Rxc7 47. Rxa6 Rc2+ 48. Kh3 Rb2 49. Rb6 h5 50. b5 g5 51. g4 Rb3+ 52. Kg2 hxg4 53. Rb8 Kg7 54. b6 Kh7 55. Kf2 Kg7 56. Ke1 g3 57. hxg3 Rxg3 58. b7 Rb3 59. Kf2 g4 60. Kg2 Kh7 61. Rc8 Rxb7 62. Rc4 Rg7 63. Kg3 Kh6 64. Rxg4 Rxg4+ 65. Kxg4 1/2-1/2

[Event "Budapest SixDays 08 GM-A"]
[Site "Budapest"]
[Date "2023.08.04"]
[Round "7"]
[White "Aczel, Gergely"]
[Black "Berczes, David"]
[Result "1/2-1/2"]
[WhiteElo "2481"]
[BlackElo "2440"]
[PlyCount "21"]
[EventDate "2023.07.31"]
[EventType "tourn"]
[EventRounds "9"]
[EventCountry "HUN"]
[EventCategory "6"]
[SourceTitle "CBM 215 Extra"]
[Source "ChessBase"]
[SourceDate "2023.09.30"]
[SourceVersion "1"]
[SourceVersionDate "2023.09.30"]
[SourceQuality "1"]

1. d4 Nf6 2. e3 e6 3. Nf3 b6 4. b3 Bb7 5. Bb2 d5 6. Be2 Bd6 7. 0-0 0-0 8. Nbd2 Nbd7 9. Ne5 c5 10. f4 Rc8 11. c3 1/2-1/2

[Event "Budapest SixDays 08 GM-A"]
[Site "Budapest"]
[Date "2023.08.04"]
[Round "8"]
[White "Pham, Tran Gia Phuc"]
[Black "Aczel, Gergely"]
[Result "1/2-1/2"]
[WhiteElo "2314"]
[BlackElo "2481"]
[PlyCount "73"]
[EventDate "2023.07.31"]
[EventType "tourn"]
[EventRounds "9"]
[EventCountry "HUN"]
[EventCategory "6"]
[SourceTitle "CBM 215 Extra"]
[Source "ChessBase"]
[SourceDate "2023.09.30"]
[SourceVersion "1"]
[SourceVersionDate "2023.09.30"]
[SourceQuality "1"]

1. d4 Nf6 2. Bf4 d6 3. Nf3 Bf5 4. e3 Nbd7 5. c4 Nh5 6. Bg5 h6 7. Bh4 g5 8. Nfd2 Ndf6 9. Bg3 Bg7 10. Nc3 Nxg3 11. hxg3 e5 12. dxe5 dxe5 13. Qa4+ c6 14. Qa3 Qe7 15. Qxe7+ Kxe7 16. Be2 Rad8 17. 0-0-0 Be6 18. Nb3 Bc8 19. Na5 Rxd1+ 20. Rxd1 Rd8 21. c5 Rxd1+ 22. Bxd1 Ne8 23. g4 Nf6 24. f3 e4 25. Bc2 exf3 26. gxf3 Kd8 27. Nc4 Be6 28. Nd6 b6 29. Bb3 Bxb3 30. axb3 bxc5 31. Nb7+ Ke7 32. Nxc5 Nd5 33. Kd2 Nb4 34. Nd3 Nd5 35. Nc5 Nb4 36. Nd3 Nd5 37. Nc5 1/2-1/2

[Event "Budapest SixDays 08 GM-A"]
[Site "Budapest"]
[Date "2023.08.02"]
[Round "5"]
[White "Aczel, Gergely"]
[Black "Laddha, Shubh Jayesh"]
[Result "1/2-1/2"]
[WhiteElo "2481"]
[BlackElo "2397"]
[PlyCount "56"]
[EventDate "2023.07.31"]
[EventType "tourn"]
[EventRounds "9"]
[EventCountry "HUN"]
[EventCategory "6"]
[SourceTitle "CBM 215 Extra"]
[Source "ChessBase"]
[SourceDate "2023.09.30"]
[SourceVersion "1"]
[SourceVersionDate "2023.09.30"]
[SourceQuality "1"]

1. Nf3 d5 2. g3 g6 3. Bg2 Bg7 4. d4 c6 5. 0-0 Nf6 6. Bf4 0-0 7. Nbd2 Qb6 8. Qc1 Bf5 9. c4 Ne4 10. e3 Nd7 11. cxd5 cxd5 12. Nh4 Rfc8 13. Qd1 Qxb2 14. Nxf5 gxf5 15. Nxe4 dxe4 16. Rb1 Qxa2 17. Rxb7 Qd5 18. Qb1 e5 19. dxe5 Nb6 20. Rxa7 Rxa7 21. Qxb6 Qc5 22. Qd6 Re7 23. Bh3 Bxe5 24. Qh6 Bxf4 25. Qxf4 Re5 26. Qg5+ Kh8 27. Qf6+ Kg8 28. Qg5+ Kh8 1/2-1/2

[Event "HUN-ch Rapid"]
[Site "Ajka"]
[Date "2023.07.22"]
[Round "7"]
[White "Aczel, Gergely"]
[Black "Hoolt, Sarah"]
[Result "1-0"]
[WhiteElo "2489"]
[BlackElo "2285"]
[PlyCount "93"]
[EventDate "2023.07.21"]
[EventType "swiss (rapid)"]
[EventRounds "13"]
[EventCountry "HUN"]
[SourceTitle "CBM 215 Extra"]
[Source "ChessBase"]
[SourceDate "2023.09.30"]
[SourceVersion "1"]
[SourceVersionDate "2023.09.30"]
[SourceQuality "1"]

1. d4 Nf6 2. c4 e6 3. Nc3 Bb4 4. e3 0-0 5. Bd2 c5 6. a3 Bxc3 7. Bxc3 Ne4 8. Ne2 d6 9. Qd3 Nxc3 10. Nxc3 Nc6 11. d5 Ne5 12. Qc2 Qh4 13. 0-0-0 a6 14. g3 Qe7 15. Qd2 b5 16. cxb5 axb5 17. Bxb5 exd5 18. Nxd5 Qb7 19. Nc3 Bg4 20. Qxd6 Bxd1 21. Rxd1 Qb8 22. Qxb8 Raxb8 23. h3 Rfd8 24. f4 Rxd1+ 25. Kxd1 Rd8+ 26. Ke2 Nd7 27. a4 Kf8 28. e4 Ke7 29. Ke3 Kd6 30. e5+ Kc7 31. Nd5+ Kb7 32. Bc4 Nb8 33. Nc3 Rd7 34. Ne4 Kb6 35. Nd6 f6 36. e6 Rc7 37. Bb5 Nc6 38. Ke4 g6 39. g4 Nd4 40. Nc4+ Kb7 41. Bd7 Nc6 42. Kd5 Ne7+ 43. Kd6 Nc8+ 44. Bxc8+ Rxc8 45. e7 Rc6+ 46. Kd7 Rc7+ 47. Ke6 1-0

[Event "HUN-ch Rapid"]
[Site "Ajka"]
[Date "2023.07.21"]
[Round "2"]
[White "Tubak, Daniel"]
[Black "Aczel, Gergely"]
[Result "1-0"]
[WhiteElo "2205"]
[BlackElo "2489"]
[PlyCount "83"]
[EventDate "2023.07.21"]
[EventType "swiss (rapid)"]
[EventRounds "13"]
[EventCountry "HUN"]
[SourceTitle "CBM 215 Extra"]
[Source "ChessBase"]
[SourceDate "2023.09.30"]
[SourceVersion "1"]
[SourceVersionDate "2023.09.30"]
[SourceQuality "1"]

1. e4 c6 2. d4 d5 3. e5 c5 4. dxc5 e6 5. a3 Bxc5 6. Qg4 Ne7 7. Nf3 0-0 8. Bd3 f5 9. Qg3 Ng6 10. b4 Be7 11. h4 Qc7 12. Bf4 a5 13. b5 Nd7 14. 0-0 Nc5 15. h5 Nxf4 16. Qxf4 h6 17. Nbd2 Bd7 18. Be2 Be8 19. c4 Bxh5 20. cxd5 exd5 21. Qh2 Bg4 22. Nd4 Bxe2 23. Nxe2 a4 24. Nd4 Qb6 25. Qh3 Qg6 26. Rac1 Ne4 27. Nxe4 dxe4 28. Rc7 Rae8 29. Rxb7 Bc5 30. Nc6 e3 31. Rc1 Bxa3 32. Rc3 e2 33. Re3 f4 34. Rxe2 f3 35. Re3 Bb2 36. Rxf3 Rxf3 37. Qxf3 Kh7 38. Ra7 a3 39. g3 a2 40. Rxa2 Qb1+ 41. Kg2 Qxa2 42. b6 1-0

[Event "Piestany op-A"]
[Site "Piestany"]
[Date "2023.07.19"]
[Round "9"]
[White "Aczel, Gergely"]
[Black "Czopor, Maciej"]
[Result "1/2-1/2"]
[WhiteElo "2489"]
[BlackElo "2379"]
[PlyCount "138"]
[EventDate "2023.07.11"]
[EventType "swiss"]
[EventRounds "9"]
[EventCountry "SVK"]
[SourceTitle "EXT 2024"]
[Source "ChessBase"]
[SourceDate "2023.10.10"]
[SourceVersion "1"]
[SourceVersionDate "2023.10.10"]
[SourceQuality "1"]

1. d4 Nf6 2. c4 e6 3. Nc3 d5 4. cxd5 exd5 5. Bg5 Bb4 6. e3 h6 7. Bxf6 Qxf6 8. Qb3 Qd6 9. a3 Bxc3+ 10. Qxc3 Bf5 11. Qb4 Qb6 12. Nf3 Nd7 13. Be2 a5 14. Qc3 0-0 15. 0-0 Nf6 16. Nd2 a4 17. Qb4 Qa7 18. Rfc1 c6 19. h3 Rfc8 20. Rc3 Re8 21. Re1 Bg6 22. Rcc1 Re6 23. Bf1 Rae8 24. Be2 Ra8 25. Nb1 Bxb1 26. Rxb1 g6 27. Bd3 Kg7 28. Rbd1 h5 29. g3 Ne4 30. Kg2 h4 31. g4 Nxf2 32. Kxf2 Qb8 33. Rg1 Rf6+ 34. Bf5 gxf5 35. gxf5+ Kh7 36. Rg2 Rxf5+ 37. Ke2 Qd8 38. Qe1 Qf6 39. Rg4 Rh5 40. Qc3 Rg8 41. Rf1 Qe6 42. Qc2+ Rg6 43. Rfg1 b5 44. Kd2 Kg7 45. Qc5 Rf5 46. Qa7 Rf2+ 47. Kd1 Rff6 48. Qc7 Rxg4 49. Rxg4+ Rg6 50. Rf4 Rg1+ 51. Kc2 b4 52. Qe5+ Qxe5 53. dxe5 Rg2+ 54. Kc1 b3 55. Rxh4 Rc2+ 56. Kb1 Re2 57. Kc1 Rc2+ 58. Kb1 Re2 59. Kc1 Rxe3 60. Rxa4 Rxh3 61. Ra6 Kg6 62. Rxc6+ Kf5 63. Rf6+ Kxe5 64. Rxf7 Kd4 65. Rb7 Rh1+ 66. Kd2 Rh2+ 67. Kc1 Rh1+ 68. Kd2 Rh2+ 69. Kc1 Rh1+ 1/2-1/2

[Event "Piestany op-A"]
[Site "Piestany"]
[Date "2023.07.17"]
[Round "7"]
[White "Aczel, Gergely"]
[Black "Audi, Ameya"]
[Result "1/2-1/2"]
[WhiteElo "2489"]
[BlackElo "2391"]
[PlyCount "99"]
[EventDate "2023.07.11"]
[EventType "swiss"]
[EventRounds "9"]
[EventCountry "SVK"]
[SourceTitle "EXT 2024"]
[Source "ChessBase"]
[SourceDate "2023.10.10"]
[SourceVersion "1"]
[SourceVersionDate "2023.10.10"]
[SourceQuality "1"]

1. d4 Nf6 2. c4 g6 3. Nf3 Bg7 4. g3 0-0 5. Bg2 c5 6. Nc3 d6 7. 0-0 Nc6 8. dxc5 dxc5 9. Bf4 Nh5 10. Be3 b6 11. Qc1 Bb7 12. Rd1 Qe8 13. Bh6 Bxh6 14. Qxh6 f6 15. Nd5 Qf7 16. Rd2 e6 17. Nc3 Rad8 18. Rad1 Ng7 19. g4 Rxd2 20. Rxd2 Rd8 21. Rxd8+ Nxd8 22. Qd2 Qe7 23. g5 fxg5 24. Qxg5 Qxg5 25. Nxg5 Bxg2 26. Kxg2 Nc6 27. Nb5 h6 28. Ne4 Nf5 29. e3 Kf8 30. b3 Ke7 31. Kf3 Ne5+ 32. Ke2 a6 33. Nc7 Nd6 34. Nxd6 Kxd6 35. Nxa6 Kc6 36. f4 Ng4 37. b4 Kb7 38. b5 Nxh2 39. a4 Ng4 40. a5 Nf6 41. axb6 Nd7 42. Nc7 Nxb6 43. Nxe6 Nxc4 44. Nf8 Kb6 45. Nxg6 Kxb5 46. f5 Nd6 47. f6 Nf7 48. Kd3 Kc6 49. Ke4 c4 50. Kd4 1/2-1/2

[Event "Zalakaros Barczay Memorial"]
[Site "Zalakaros"]
[Date "2023.06.11"]
[Round "9"]
[White "Aczel, Gergely"]
[Black "Luong, Phuong Hanh"]
[Result "1-0"]
[WhiteElo "2528"]
[BlackElo "2029"]
[PlyCount "111"]
[EventDate "2023.06.03"]
[EventType "swiss"]
[EventRounds "9"]
[EventCountry "HUN"]
[SourceTitle "CBM 214 Extra"]
[Source "ChessBase"]
[SourceDate "2023.07.31"]
[SourceVersion "1"]
[SourceVersionDate "2023.07.31"]
[SourceQuality "1"]

1. c4 Nf6 2. g3 c6 3. Nf3 g6 4. b3 Bg7 5. Bb2 d5 6. Bg2 Qb6 7. Qc1 dxc4 8. Qxc4 Ng4 9. d4 0-0 10. 0-0 Na6 11. Nbd2 Be6 12. Qc1 h6 13. Nc4 Qb5 14. e4 Nf6 15. Nfe5 c5 16. d5 Bc8 17. a4 Qe8 18. Nd3 Qd8 19. Rd1 Bg4 20. Rd2 Qc8 21. Qf1 Bd7 22. e5 Ne8 23. Nf4 e6 24. dxe6 Bxe6 25. Nxe6 Qxe6 26. Bxb7 Rb8 27. Bd5 Qe7 28. Qd1 Nec7 29. Bg2 Rfd8 30. Rd6 Nb4 31. Qf3 Ne6 32. Rad1 Nc2 33. Rxd8+ Rxd8 34. Rxd8+ Qxd8 35. Nd6 Qd7 36. Qa8+ Kh7 37. Qe8 Qxe8 38. Nxe8 Ncd4 39. Nxg7 Kxg7 40. Bd5 g5 41. f3 Kg6 42. Bxd4 Nxd4 43. g4 Kg7 44. Kf2 f6 45. Ke3 fxe5 46. Kd3 Kf6 47. Kc4 e4 48. fxe4 Ke5 49. Kxc5 Nf3 50. h3 Ng1 51. a5 Nxh3 52. b4 Nf2 53. b5 Nxg4 54. b6 axb6+ 55. axb6 Nf6 56. Kc6 1-0

[Event "Zalakaros Barczay Memorial"]
[Site "Zalakaros"]
[Date "2023.06.08"]
[Round "6"]
[White "Loiacono, Antonio"]
[Black "Aczel, Gergely"]
[Result "0-1"]
[WhiteElo "2350"]
[BlackElo "2528"]
[PlyCount "120"]
[EventDate "2023.06.03"]
[EventType "swiss"]
[EventRounds "9"]
[EventCountry "HUN"]
[SourceTitle "CBM 214 Extra"]
[Source "ChessBase"]
[SourceDate "2023.07.31"]
[SourceVersion "1"]
[SourceVersionDate "2023.07.31"]
[SourceQuality "1"]

1. e4 c6 2. d4 d5 3. e5 c5 4. dxc5 e6 5. Nf3 Bxc5 6. a3 Ne7 7. Bd3 Ng6 8. 0-0 a6 9. g3 Nc6 10. b4 Ba7 11. Bb2 0-0 12. Nbd2 f6 13. exf6 gxf6 14. c4 d4 15. Qc2 Kg7 16. c5 e5 17. Nc4 Bh3 18. Nd6 Qd7 19. Bf5 Bxf5 20. Qxf5 Rad8 21. Qh5 Bb8 22. Nf5+ Kh8 23. N3h4 Nxh4 24. Nxh4 Qf7 25. Qh6 Qg7 26. Qh5 Qg5 27. Qf3 f5 28. Bc1 Qf6 29. Qh5 Qf7 30. Qxf7 Rxf7 31. f3 Kg8 32. Bb2 e4 33. fxe4 fxe4 34. Nf5 Kf8 35. Nh6 Rxf1+ 36. Rxf1+ Ke7 37. Re1 e3 38. Nf5+ Ke6 39. Nxe3 dxe3 40. Rxe3+ Be5 41. Bxe5 Nxe5 42. Re4 Rd2 43. a4 Rb2 44. h3 Kd5 45. Rf4 Nd3 46. Rh4 Rxb4 47. Rxh7 Nxc5 48. h4 Ne4 49. h5 Nxg3 50. h6 Nf5 51. Rd7+ Kc6 52. h7 Rh4 53. Rf7 Nd6 54. Rg7 Ne4 55. Kf1 Kb6 56. Ke2 Rh3 57. Kf1 Ka7 58. Kg2 Rh4 59. Rg4 Rxg4+ 60. Kh3 Ng5+ 0-1

[Event "Zalakaros Barczay Memorial"]
[Site "Zalakaros"]
[Date "2023.06.07"]
[Round "5"]
[White "Aczel, Gergely"]
[Black "Varga, Richard"]
[Result "1-0"]
[WhiteElo "2528"]
[BlackElo "2072"]
[PlyCount "71"]
[EventDate "2023.06.03"]
[EventType "swiss"]
[EventRounds "9"]
[EventCountry "HUN"]
[SourceTitle "CBM 214 Extra"]
[Source "ChessBase"]
[SourceDate "2023.07.31"]
[SourceVersion "1"]
[SourceVersionDate "2023.07.31"]
[SourceQuality "1"]

1. Nf3 Nf6 2. c4 g6 3. Nc3 Bg7 4. g3 0-0 5. Bg2 d6 6. d4 Nc6 7. 0-0 e5 8. dxe5 dxe5 9. Bg5 h6 10. Qxd8 Rxd8 11. Bxf6 Bxf6 12. Nd5 Kg7 13. Nxc7 Rb8 14. e4 Be7 15. Nd5 Bc5 16. Rfd1 a5 17. Rd2 Bg4 18. h3 Be6 19. Rad1 Rd7 20. Bf1 Rbd8 21. Kg2 Bb4 22. Nxb4 Rxd2 23. Rxd2 Rxd2 24. Nxd2 Nxb4 25. a3 Nc6 26. c5 f5 27. Kf3 Kf6 28. Ke3 Nd4 29. Bd3 Bb3 30. exf5 gxf5 31. Nc4 a4 32. f4 exf4+ 33. Kxd4 fxg3 34. Bf1 Bxc4 35. Kxc4 Ke5 36. Bg2 1-0

[Event "Budapest SixDays 05 GM-A"]
[Site "Budapest"]
[Date "2023.05.31"]
[Round "8"]
[White "Can, Isik"]
[Black "Aczel, Gergely"]
[Result "1/2-1/2"]
[WhiteElo "2505"]
[BlackElo "2528"]
[PlyCount "104"]
[EventDate "2023.05.27"]
[EventType "tourn"]
[EventRounds "9"]
[EventCountry "HUN"]
[EventCategory "9"]
[SourceTitle "CBM 214 Extra"]
[Source "ChessBase"]
[SourceDate "2023.07.31"]
[SourceVersion "1"]
[SourceVersionDate "2023.07.31"]
[SourceQuality "1"]

1. e4 c5 2. Nf3 e6 3. d4 cxd4 4. Nxd4 Bb4+ 5. Bd2 Be7 6. Nc3 Nc6 7. Nxc6 dxc6 8. e5 Nh6 9. Bd3 Nf5 10. Qe2 Qc7 11. 0-0 Bd7 12. a4 h5 13. f4 h4 14. Ne4 c5 15. Bb5 0-0-0 16. c3 Bc6 17. Be1 Kb8 18. Bf2 Bd5 19. a5 a6 20. Bd3 c4 21. Bc2 Bxe4 22. Bxe4 Bc5 23. Rfd1 h3 24. g3 Bxf2+ 25. Kxf2 Qc5+ 26. Kf3 g5 27. Bxf5 exf5 28. fxg5 Rde8 29. Kf4 Re7 30. Rd2 Rhe8 31. Re1 Qxa5 32. Qxc4 Rxe5 33. b4 Rxe1 34. bxa5 R1e4+ 35. Qxe4 fxe4 36. g4 Kc7 37. Kf5 Re6 38. Re2 b6 39. axb6+ Kxb6 40. g6 Rxg6 41. Rxe4 a5 42. g5 Rc6 43. Kg4 Rxc3 44. Rf4 Rc7 45. Kxh3 Kb5 46. Rf1 a4 47. Kg4 a3 48. Kf5 Rc2 49. Kf6 a2 50. Ra1 Rf2+ 51. Kg7 Rxh2 52. Kxf7 Rf2+ 1/2-1/2